La Puebla de los Angeles en el siglo XVII : crónica de la Puebla por D. Miguel Zerón Zapata y D. Manuel Fernández de Santa Cruz : Misiones en Puebla y sus contornos de re metálica /
Esta historia de Miguel Zerón Zapata, uno de los antiguos cronistas de Puebla, está acompañada por documentos como las cartas de Palafox y Mendoza y del obispo Manuel Fernández de Santa Cruz.
Furkejuvvon:
| Váldodahkki: | |
|---|---|
| Materiálatiipa: | Girji |
| Giella: | espánnjágiella |
| Fáttát: | |
| Fáddágilkorat: |
Eai fáddágilkorat, Lasit vuosttaš fáddágilkora!
|
MARC
| LEADER | 00000nam^a2200000^a^4500 | ||
|---|---|---|---|
| 001 | 000116999 | ||
| 005 | 20250521000000.0 | ||
| 009 | 20260310094150.645 | ||
| 037 | |a Acervo ITESO - Biblioteca | ||
| 041 | |a ESP | ||
| 082 | |a 972. 4803 |b ZER | ||
| 100 | |a Zerón Zapata, Miguel |e (autor) | ||
| 245 | 1 | 3 | |a La Puebla de los Angeles en el siglo XVII : |b crónica de la Puebla por D. Miguel Zerón Zapata y D. Manuel Fernández de Santa Cruz : Misiones en Puebla y sus contornos de re metálica / |c M. Zerón Zapata, M. Fernández de Santa Cruz ; pról. de M. Cuevas. |
| 264 | |a México : |b Patria, |c 1945 | ||
| 300 | |a 247 p. | ||
| 336 | |a texto |b txt |2 rdacontenido | ||
| 337 | |a sin mediación |b n |2 rdamedio | ||
| 338 | |a volumen |b nc |2 rdasoporte | ||
| 520 | |a Esta historia de Miguel Zerón Zapata, uno de los antiguos cronistas de Puebla, está acompañada por documentos como las cartas de Palafox y Mendoza y del obispo Manuel Fernández de Santa Cruz. | ||
| 649 | |a XX | ||
| 650 | |a Cartas Españolas | ||
| 650 | |a Virreyes de México | ||
| 650 | |a Obispos de Puebla | ||
| 650 | |a Obispos de México | ||
| 650 | |a Ministros Religiosos Españoles | ||
| 650 | |a Religiosos Españoles | ||
| 650 | |a Iglesia Católica en México | ||
| 650 | |a Puebla - |x Historia - |y Siglo XVII | ||
| 650 | |a Puebla - |x Historia - |y Epoca Colonial, 1517-1821 | ||
| 650 | |a México - |x Historia - |y Siglo XVII | ||
| 650 | |a México - |x Historia - |y Epoca Colonial, 1517-1821 | ||
| 650 | |a Palafox y Mendoza, Juan de | ||
| 650 | |a Fernández de Santa Cruz y Sahagún, Manuel | ||
| 910 | |a Fondo Salvador Reynoso Reynoso | ||
| 920 | |a Impresos - Libros | ||
| 930 | |a Fondos Especiales | ||
| 905 | |a 112 | ||
| 901 | |a 0800003824 |b IT2 |c ESP |u 20250521 | ||
| 902 | |a https://opac.biblio.iteso.mx/vufind/Record/000116999 | ||